[Event "CHN-chT 4th"]
[Site "China"]
[Date "2008.12.10"]
[Round "18"]
[White "Zhu, Chen"]
[Black "Pan, Qian"]
[Result "1-0"]
[WhiteElo "2496"]
[BlackElo "2167"]
[PlyCount "73"]
[EventDate "2008.12.??"]
[EventType "team-tourn"]
[EventRounds "18"]
[EventCountry "CHN"]
[SourceTitle "EXT 2017"]
[Source "ChessBase"]
[SourceDate "2016.10.25"]
[SourceVersion "1"]
[SourceVersionDate "2016.10.25"]
[SourceQuality "1"]

1. d4 d5 2. c4 e6 3. Nc3 Be7 4. Nf3 Nf6 5. Bg5 h6 6. Bh4 0-0 7. e3 b6 8. Be2 dxc4 9. Bxc4 Bb7 10. 0-0 Nbd7 11. Bg3 a6 12. a4 Bd6 13. Qe2 Bxg3 14. hxg3 c5 15. Rfd1 Qe7 16. Rd2 cxd4 17. exd4 Qb4 18. Ne5 Nxe5 19. dxe5 Ne4 20. Nxe4 Bxe4 21. Rd4 Bc6 22. Qd2 Qxd2 23. Rxd2 b5 24. Rd6 bxc4 25. Rxc6 Rfc8 26. Rxc8+ Rxc8 27. Rc1 Kf8 28. Kf1 Ke7 29. b3 f6 30. exf6+ gxf6 31. bxc4 Rb8 32. c5 Rb4 33. c6 Kd8 34. c7+ Kc8 35. Rc6 Rxa4 36. Rxe6 a5 37. Rxf6 1-0

[Event "CHN-chT 4th"]
[Site "China"]
[Date "2008.12.08"]
[Round "16"]
[White "Pan, Qian"]
[Black "Harika, Dronavalli"]
[Result "0-1"]
[WhiteElo "2167"]
[BlackElo "2462"]
[PlyCount "78"]
[EventDate "2008.12.??"]
[EventType "team-tourn"]
[EventRounds "18"]
[EventCountry "CHN"]
[SourceTitle "EXT 2017"]
[Source "ChessBase"]
[SourceDate "2016.10.25"]
[SourceVersion "1"]
[SourceVersionDate "2016.10.25"]
[SourceQuality "1"]

1. e4 c5 2. Nf3 Nc6 3. Nc3 Nf6 4. d4 cxd4 5. Nxd4 e5 6. Ndb5 d6 7. Bg5 a6 8. Na3 b5 9. Bxf6 gxf6 10. Nd5 f5 11. Bd3 Be6 12. 0-0 Bxd5 13. exd5 Ne7 14. Re1 Bg7 15. c3 0-0 16. Qh5 e4 17. Bf1 Qc8 18. Rad1 Re8 19. Nc2 Ng6 20. Nd4 Bxd4 21. cxd4 f4 22. Rc1 Qd7 23. Rc6 Qa7 24. Qd1 e3 25. fxe3 fxe3 26. Rc3 Re4 27. Rcxe3 Rxd4 28. Qf3 Rf4 29. Qg3 Re8 30. Bd3 Qd4 31. h3 Rf6 32. Kh2 Rxe3 33. Rxe3 Qxb2 34. Re8+ Kg7 35. h4 Qd4 36. h5 Rf4 37. Be4 Rh4+ 38. Qxh4 Nxh4 39. Kh3 Qf2 0-1

[Event "CHN-chT 4th"]
[Site "China"]
[Date "2008.12.02"]
[Round "13"]
[White "Tan, Zhongyi"]
[Black "Pan, Qian"]
[Result "1-0"]
[WhiteElo "2395"]
[BlackElo "2167"]
[PlyCount "89"]
[EventDate "2008.12.??"]
[EventType "team-tourn"]
[EventRounds "18"]
[EventCountry "CHN"]
[SourceTitle "EXT 2017"]
[Source "ChessBase"]
[SourceDate "2016.10.25"]
[SourceVersion "1"]
[SourceVersionDate "2016.10.25"]
[SourceQuality "1"]

1. d4 d5 2. c4 e6 3. Nf3 Nf6 4. Nc3 Be7 5. Bg5 h6 6. Bh4 0-0 7. e3 Ne4 8. Bxe7 Qxe7 9. Rc1 Nxc3 10. Rxc3 c6 11. Bd3 dxc4 12. Rxc4 b6 13. 0-0 Ba6 14. Rc3 Rc8 15. Ne5 c5 16. dxc5 bxc5 17. Qa4 Bb7 18. Rfc1 Nc6 19. Qe4 f5 20. Nxc6 Rxc6 21. Qe5 Rd8 22. h3 Rcd6 23. Bxf5 Bxg2 24. Kxg2 Qg5+ 25. Qg3 Qxf5 26. Rxc5 Rd5 27. Rxd5 Qxd5+ 28. Qf3 Qxa2 29. Rc7 Qxb2 30. Qf7+ Kh8 31. Rxa7 Qe5 32. Re7 Qg5+ 33. Kh2 e5 34. Re6 Kh7 35. Qf3 Kg8 36. Qg3 Qxg3+ 37. Kxg3 Rd5 38. Re7 Kf8 39. Rc7 Rd6 40. Kf3 Rf6+ 41. Kg3 Rg6+ 42. Kf3 Rf6+ 43. Ke2 Rf5 44. Rc5 Ke7 45. e4 1-0

[Event "Singapore Masters 3rd"]
[Site "Singapore"]
[Date "2006.12.28"]
[Round "5"]
[White "Dao, Thien Hai"]
[Black "Pan, Qian"]
[Result "1-0"]
[WhiteElo "2557"]
[BlackElo "2174"]
[PlyCount "53"]
[EventDate "2006.12.26"]
[EventType "swiss"]
[EventRounds "9"]
[EventCountry "SIN"]
[SourceTitle "CBM 116 Extra"]
[Source "ChessBase"]
[SourceDate "2007.03.07"]
[SourceVersion "1"]
[SourceVersionDate "2007.03.07"]
[SourceQuality "1"]

1. d4 d5 2. c4 e6 3. Nc3 Be7 4. Nf3 Nf6 5. Bg5 h6 6. Bh4 0-0 7. e3 b6 8. Rc1 Bb7 9. Bxf6 Bxf6 10. cxd5 exd5 11. Qb3 Re8 12. Be2 c6 13. 0-0 Nd7 14. Rfd1 Nf8 15. Qc2 Ne6 16. b4 Be7 17. b5 c5 18. dxc5 bxc5 19. Nxd5 Bxd5 20. Bc4 Nc7 21. Bxd5 Nxd5 22. Qb3 Qa5 23. Rxd5 Rab8 24. a4 Rb7 25. Ne5 Bf8 26. Qc4 Qb4 27. Qc2 1-0

[Event "CHN-chT 2nd"]
[Site "China"]
[Date "2006.04.25"]
[Round "4"]
[White "Xu, Tong"]
[Black "Pan, Qian"]
[Result "1-0"]
[WhiteElo "2172"]
[BlackElo "2174"]
[PlyCount "57"]
[EventDate "2006.04.04"]
[EventType "team-tourn"]
[EventRounds "18"]
[EventCountry "CHN"]
[SourceTitle "EXT 2017"]
[Source "ChessBase"]
[SourceDate "2016.10.25"]
[SourceVersion "1"]
[SourceVersionDate "2016.10.25"]
[SourceQuality "1"]
[WhiteTeam "Tianjing"]
[BlackTeam "Wuxi Huafang Construction"]
[WhiteTeamCountry "CHN"]
[BlackTeamCountry "CHN"]

1. e4 e6 2. d4 d5 3. Nc3 Bb4 4. e5 c5 5. a3 Bxc3+ 6. bxc3 Ne7 7. Qg4 Qc7 8. Qxg7 Rg8 9. Qxh7 cxd4 10. Ne2 Nbc6 11. f4 Bd7 12. Qd3 dxc3 13. Nxc3 a6 14. Ne2 Nf5 15. h3 Qd8 16. Rg1 Na5 17. Rb1 Rc8 18. Rb4 Nc4 19. g4 Qh4+ 20. Ng3 Ne7 21. Rxb7 Bb5 22. Qd4 Nf5 23. gxf5 Nxe5 24. Qxe5 Rxg3 25. Rxg3 Qxg3+ 26. Kd2 Qh2+ 27. Be2 Qxh3 28. fxe6 fxe6 29. Qg7 1-0

[Event "CHN-chT final-B 1st"]
[Site "China"]
[Date "2005.09.16"]
[Round "5"]
[White "Li, Ruofan"]
[Black "Pan, Qian"]
[Result "1/2-1/2"]
[WhiteElo "2411"]
[BlackElo "2196"]
[PlyCount "91"]
[EventDate "2005.11.??"]
[EventType "team-tourn"]
[EventRounds "5"]
[EventCountry "CHN"]
[SourceTitle "EXT 2017"]
[Source "ChessBase"]
[SourceDate "2016.10.25"]
[SourceVersion "1"]
[SourceVersionDate "2016.10.25"]
[SourceQuality "1"]

1. d4 f5 2. g3 Nf6 3. Bg2 g6 4. Nf3 Bg7 5. 0-0 d6 6. b4 a5 7. b5 c5 8. bxc6 bxc6 9. c4 0-0 10. Nbd2 h6 11. Qc2 g5 12. e3 Qc7 13. Bb2 Na6 14. a3 Bd7 15. Bc3 Ne4 16. Nxe4 fxe4 17. Nd2 d5 18. f3 exf3 19. Rxf3 e6 20. Qd3 Qa7 21. Kh1 Nc7 22. e4 Rxf3 23. Bxf3 Rf8 24. a4 Be8 25. exd5 exd5 26. Re1 Bf7 27. c5 Be6 28. Nb3 Bf5 29. Qd2 Re8 30. Bxa5 Rxe1+ 31. Qxe1 Bc2 32. Bb6 Qxa4 33. Na5 Nb5 34. Nxc6 Nxd4 35. Bxd5+ Kh7 36. Be4+ Nf5 37. Bg2 Qc4 38. Ne5 Qe6 39. Nf3 Qf6 40. Bc7 g4 41. Ne5 Qe7 42. Be4 Qxc7 43. Bxc2 Qxe5 44. Qxe5 Bxe5 45. Bxf5+ Kg7 46. Bxg4 1/2-1/2

[Event "CHN-chT final-B 1st"]
[Site "China"]
[Date "2005.09.12"]
[Round "1"]
[White "Pan, Qian"]
[Black "Huang, Qian"]
[Result "0-1"]
[WhiteElo "2196"]
[BlackElo "2395"]
[PlyCount "146"]
[EventDate "2005.11.??"]
[EventType "team-tourn"]
[EventRounds "5"]
[EventCountry "CHN"]
[SourceTitle "EXT 2017"]
[Source "ChessBase"]
[SourceDate "2016.10.25"]
[SourceVersion "1"]
[SourceVersionDate "2016.10.25"]
[SourceQuality "1"]

1. e4 e6 2. d4 d5 3. exd5 exd5 4. Nf3 Bd6 5. Bd3 Ne7 6. 0-0 Bg4 7. c3 Nbc6 8. Re1 Qd7 9. Nbd2 0-0-0 10. b4 Rde8 11. Qa4 Kb8 12. b5 Nd8 13. Ba3 f6 14. Bxd6 Qxd6 15. Qc2 g6 16. a4 Bf5 17. Nf1 Bxd3 18. Qxd3 Nc8 19. Ne3 Nf7 20. Qc2 Rd8 21. Qb3 Rhe8 22. Nc2 Rxe1+ 23. Rxe1 a5 24. bxa6 Qxa6 25. Nb4 Qd6 26. Nd3 Qb6 27. Qa2 Qa5 28. Nc5 Nb6 29. h3 Nd6 30. Re6 Ne4 31. Nxe4 dxe4 32. Rxe4 Qxc3 33. a5 Qc4 34. Qb1 Nd5 35. Qe1 Qa4 36. Re6 Ka7 37. Kh2 h5 38. Qe4 Qxa5 39. Re8 Rxe8 40. Qxe8 Qa2 41. Nh4 g5 42. Nf5 h4 43. Qf7 Qa5 44. Ne7 Nxe7 45. Qxe7 Qd5 46. Qxf6 Qd6+ 47. Qe5 b5 48. f4 gxf4 49. Qxb5 f3+ 50. Kh1 fxg2+ 51. Kxg2 Qg3+ 52. Kf1 Qxh3+ 53. Ke2 Qg2+ 54. Ke3 Qg3+ 55. Ke4 Qg6+ 56. Kf4 Qf6+ 57. Ke4 Qe6+ 58. Kf4 Qd6+ 59. Ke4 h3 60. Qa5+ Kb7 61. Qb5+ Qb6 62. Qh5 Qb1+ 63. Ke3 Qb3+ 64. Ke4 Qc2+ 65. Ke3 c6 66. Qh4 Qb3+ 67. Kf2 Qa2+ 68. Ke3 Qe6+ 69. Kf2 Ka6 70. Qh8 Kb5 71. Kg3 Kc4 72. Kh2 Kd5 73. Qd8+ Kc4 0-1

[Event "Torch Cup"]
[Site "Xiapu"]
[Date "2005.06.24"]
[Round "17"]
[White "Zatonskih, Anna"]
[Black "Pan, Qian"]
[Result "1/2-1/2"]
[WhiteElo "2435"]
[BlackElo "2196"]
[PlyCount "118"]
[EventDate "2005.06.21"]
[EventType "team"]
[EventRounds "19"]
[EventCountry "CHN"]
[SourceTitle "CBM 106 Extra"]
[Source "ChessBase"]
[SourceDate "2005.07.01"]
[SourceVersion "1"]
[SourceVersionDate "2005.07.01"]
[SourceQuality "1"]

1. e4 e6 2. d4 d5 3. Nd2 Nf6 4. e5 Nfd7 5. c3 c5 6. f4 Nc6 7. Ndf3 Qb6 8. a3 Be7 9. b4 cxd4 10. cxd4 f6 11. Bd3 0-0 12. exf6 Nxf6 13. Ne2 Bd6 14. b5 Na5 15. 0-0 Bd7 16. a4 Rac8 17. Kh1 Nc4 18. Ng3 Qa5 19. Rb1 Nb6 20. Ne5 Qxa4 21. Qe2 Be8 22. Be3 Nc4 23. Ra1 Qb3 24. Rfb1 Qc3 25. Rc1 Qb3 26. Rab1 Qa3 27. Bxc4 dxc4 28. Nxc4 Rxc4 29. Qxc4 Qxe3 30. Nf5 Qxf4 31. Qxe6+ Bf7 32. Qxd6 Qxf5 33. b6 axb6 34. Rf1 Qd3 35. Rbd1 Qg6 36. Qg3 Qxg3 37. hxg3 Bc4 38. Rf4 Re8 39. d5 Bb3 40. Rd3 Re1+ 41. Kh2 Bd1 42. Rxf6 gxf6 43. d6 Bg4 44. d7 Bxd7 45. Rxd7 b5 46. Rxb7 Rb1 47. g4 Rb3 48. Kg1 b4 49. Kf2 h6 50. Ke2 Rb2+ 51. Kf3 b3 52. Kg3 Kf8 53. Kf4 Rf2+ 54. Kg3 Rb2 55. Kf4 Ke8 56. Kf5 Kd8 57. Kxf6 Kc8 58. Rb4 Rxg2 59. Rxb3 Rxg4 1/2-1/2

[Event "Torch Cup"]
[Site "Xiapu"]
[Date "2005.06.21"]
[Round "14"]
[White "Pan, Qian"]
[Black "Zhu, Chen"]
[Result "0-1"]
[WhiteElo "2196"]
[BlackElo "2494"]
[PlyCount "84"]
[EventDate "2005.06.21"]
[EventType "team"]
[EventRounds "19"]
[EventCountry "CHN"]
[SourceTitle "CBM 106 Extra"]
[Source "ChessBase"]
[SourceDate "2005.07.01"]
[SourceVersion "1"]
[SourceVersionDate "2005.07.01"]
[SourceQuality "1"]

1. e4 e5 2. Nf3 Nc6 3. Bc4 Nf6 4. d3 Be7 5. 0-0 0-0 6. Re1 d6 7. c3 Na5 8. Bb5 a6 9. Ba4 b5 10. Bc2 c5 11. Nbd2 Nc6 12. Nf1 Re8 13. Ng3 g6 14. h3 Bf8 15. d4 cxd4 16. cxd4 Bd7 17. Bg5 h6 18. Be3 exd4 19. Nxd4 d5 20. exd5 Nxd5 21. Nxc6 Bxc6 22. Bd4 Qh4 23. Be4 Rad8 24. Qf3 Re6 25. Rac1 Ba8 26. Kh2 Qg5 27. Red1 Bd6 28. Kg1 Qe7 29. Bxd5 Bxd5 30. Qxd5 Bxg3 31. Qc5 Bd6 32. Qc2 Re8 33. Be3 Qf6 34. Qc3 Be5 35. Bd4 Bxd4 36. Rxd4 Re2 37. Rf1 Kg7 38. a3 R8e6 39. b4 Rc6 40. Qd3 Rxf2 41. Rxf2 Rc1+ 42. Kh2 Qxf2 0-1

[Event "CHN-chT Torch Real Estate Cup"]
[Site "Wuxi"]
[Date "2005.05.11"]
[Round "10"]
[White "Pan, Qian"]
[Black "Xie, Jun"]
[Result "0-1"]
[WhiteElo "2196"]
[BlackElo "2573"]
[PlyCount "82"]
[EventDate "2005.05.08"]
[EventType "team-tourn"]
[EventRounds "13"]
[EventCountry "CHN"]
[SourceTitle "CBM 106 Extra"]
[Source "ChessBase"]
[SourceDate "2005.07.01"]
[SourceVersion "1"]
[SourceVersionDate "2005.07.01"]
[SourceQuality "1"]

1. e4 e5 2. Nf3 Nc6 3. Bc4 Nf6 4. d3 Be7 5. c3 0-0 6. Bb3 d6 7. 0-0 h6 8. Re1 Re8 9. Nbd2 Bf8 10. Nc4 g6 11. h3 Bg7 12. Ne3 Nh5 13. Nd5 Ne7 14. Nxe7+ Qxe7 15. Nh2 Nf4 16. Qf3 Ne6 17. Ng4 Kh7 18. Bc2 c6 19. Qe3 Qh4 20. Qg3 Qxg3 21. fxg3 Nc7 22. Rf1 f5 23. Ne3 fxe4 24. dxe4 Be6 25. g4 Rf8 26. Bd2 Bf6 27. b3 d5 28. Rf3 Rad8 29. Nf1 Nb5 30. Ng3 Be7 31. Rxf8 Rxf8 32. Bd3 Nd6 33. Rf1 Rd8 34. Be1 d4 35. cxd4 exd4 36. Nf5 Bg5 37. Nxd4 Be3+ 38. Bf2 Bxd4 39. Bxd4 Nc8 40. Be5 Rxd3 41. g5 Rd8 0-1